Continents par émojis en 15 secondes - Statistiques

Statistiques générales
  • Ce quiz a été pris 4 916 fois
  • Le résultat moyen est 3 sur 7
Statistiques - réponses
Emojis Continent % Correct
Asie
95%
Océanie
83%
Antarctique
34%
Europe
21%
Amérique du Sud
19%
Afrique
10%
Amérique du Nord
3%
Aucun quiz correspondant
Distribution des résultats
% des personnes avec chaque résultat
Percentile par nombre de réponses
Votre historique - résultats
Vous n’avez pas pris ce quiz